000 00284nam a22001217a 4500
008 170526b xxu||||| |||| 00| 0 eng d
041 _aGER
080 _a62
100 _a27
101 _aIM
245 _aSCHRIFTEENRIKE TECHNISCHEN UNIVERSITU WIEN
_cVARGA.T.TH
942 _2udc
_cBK
999 _c14575
_d14575